| 000 | 01173nam a2200301 i 4500 | ||
|---|---|---|---|
| 001 | 000020925 | ||
| 003 | DO-SdBNP | ||
| 005 | 20240516103607.0 | ||
| 008 | 100824s2001 dr ac 000 0 spa d | ||
| 040 |
_aDO-SdBNP _bspa _cBNPHU _erda |
||
| 082 | 4 |
_a972.93697 _bD671j _222 |
|
| 100 | 1 |
_aDomínguez, Ramón, _943844 _eautor |
|
| 245 | 1 | 0 |
_aJarabacoa sus raíces entre pinares / _cRamón Domínguez ; prólogo, Nelson Tiburcio Domínguez. |
| 264 |
_aSanto Domingo : _bBiblioteca Dr. Alfonso Moreno Martínez, _c2001. |
||
| 300 |
_a158 páginas : _bilustraciones y retratos ; _c21 cm. |
||
| 336 |
_2rdacontent _atexto _btxt |
||
| 337 |
_2rdamedia _asin mediación _bn |
||
| 338 |
_2rdacarrier _avolumen _bnc |
||
| 504 | _aBibliografía : p. 157 | ||
| 590 | _aInventariado, 2024/BT | ||
| 650 | 4 |
_aTurismo ecológico _943845 |
|
| 650 | 4 |
_aCiudades y pueblos _zRepública Dominicana _9784 |
|
| 651 | 4 |
_aJarabacoa (República Dominicana) _xHistoria local _926129 |
|
| 651 | 4 |
_aJarabacoa (República Dominicana) _xVida social y costumbres _943846 |
|
| 700 | 1 |
_aTiburcio Domínguez, Nelson, _eprólogo _943847 |
|
| 910 | _aValidado. Control de calidad. MMOLINA | ||
| 942 |
_2ddc _cLBS1 |
||
| 999 |
_c20428 _d20428 |
||